00377pab a2200133 454500008004000000100001900040245005700059260000900116300001200125362001200137650004800149650002800197773001800225180718b2000 xxu||||| |||| 00| 0 eng d aPunjabi, Riyaz aKashmir: realising the dream of an Islamic Caliphate c2000 ap.58-73 aApr-Jun aJammu and Kashmir - Politics and government aPolitics and government aWorld Affairs